| 000 | 00415cam a2200169ua 4500 | ||
|---|---|---|---|
| 001 | 1881 | ||
| 008 | 110806n ii |||gr||||Z||||||eng | ||
| 040 | _cMAIN | ||
| 100 |
_aRai, B. C., _eAuthor. |
||
| 245 | 1 |
_aComparative education _cby B. C. Rai |
|
| 250 | _a1st. | ||
| 260 |
_aLucknow: _bPrakashan kendra, _c2005. |
||
| 300 |
_a409p: _c23cm. |
||
| 653 | _aEducation | ||
| 653 | _aComparative education | ||
| 942 | _cBK | ||
| 999 |
_c1760 _d1760 |
||